000 00494nam a2200157Ia 4500
005 20260601193224.0
008 260601s9999||||xx |||||||||||||| ||und||
020 _a978-3-031-45410-3
_qebk
100 _aGiorgio Buttazzo
245 0 _aHard Real-Time Computing Systems
250 _aFourth Edition 2024
260 _aHeidelberg, Germany
_bSpringer Nature
_c2024
650 _aComputer Science
856 _uhttps://link.springer.com/openurl?genre=book&isbn=978-3-031-45410-3
942 _cEB
_2ddc
999 _c55884
_d55884